000 01143nam0a22003251 4500
001 RU\NLR\INFOCOMM_116\5000066300
005 20250613091410.0
035 _a(NLR Aleph) 009106889
090 _a8135994
_c8135994
100 _a20090131d1987 |||y0rusy50 ca
101 0 _aspa
102 _aRU
105 _aa ||||000|y
200 1 _aDivisión inexacta
_fA. A. Belski y L. A. Kaluzhnin
_gTrad. del ruso por el ing. Antonio Molina García
205 _a1-ra reimpr.
210 _aΜ.
_cMir
_d1987
215 _a80 с.
_cил.
225 1 _aLecciones populares de matemáticas
300 _aДоп. тит. л. на рус. яз.: Деление с остатком / Бельский А. А., Калужнин Л. А.
320 _aБиблиогр.: с. 80
686 _aВ141.1я9
_2rubbk
700 1 _9z01790
_aBel'skij
_bA. A.
_gArkadij Aleksandrovič
_4070
701 1 _9z02790
_aKalužnin
_bL. A.
_f1914-
_gLev Arkad'evič
_4070
790 1 _9z01700
_aBelski
_bA. A.
_4070
790 1 _9z02701
_aKaluzhnin
_bL. A.
_4070
801 1 _aRU
_bNLR
_c20090131
801 0 _aRU
_bNLR
_gPSBO
852 _aNLR
_jМт01 Д-4/300
942 _cBOOK
980 _aNB